[Event "TCh-TUR Super League 2018"]
[Site "Ankara TUR"]
[Date "2018.08.02"]
[Round "9.6.2"]
[White "Baryshpolets, Andrey"]
[Black "Salgado Lopez, Ivan"]
[Result "1-0"]
[WhiteTitle "GM"]
[BlackTitle "GM"]
[WhiteElo "2603"]
[BlackElo "2643"]
[WhiteTeam "KARAMAN BELEDIYE SPOR KULUBU"]
[BlackTeam "TURK HAVA YOLLARI (THY) SPOR KULUBU"]
[WhiteFideId "14117207"]
[BlackFideId "2257327"]
[EventDate "2018.07.25"]

1. d4 Nf6 2. c4 e6 3. g3 Bb4+ 4. Bd2 Be7 5. Bg2 d5 6. Nf3 c6 7. Qc2 Nbd7 8. O-O
b6 9. b3 Bb7 10. Nc3 O-O 11. Rfd1 Rc8 12. e4 Nxe4 13. Nxe4 dxe4 14. Qxe4 Nf6 15.
Qc2 c5 16. dxc5 Be4 17. Qb2 bxc5 18. Ne5 Bxg2 19. Kxg2 Qb6 20. f3 Rfd8 21. Bc3
Ne8 22. Qe2 Nd6 23. Rd3 Nf5 24. Rad1 f6 25. Rxd8+ Bxd8 26. Nd7 Qc6 27. Nxc5 Bb6
28. g4 Re8 29. gxf5 exf5 30. Qf1 Qxc5 31. b4 Qe3 32. Re1 Qg5+ 33. Kh1 Rd8 34. c5
Bc7 35. Qc4+ Kf8 36. Qe2 Qf4 37. Bxf6 1-0

[Event "TCh-TUR Super League 2018"]
[Site "Ankara TUR"]
[Date "2018.08.02"]
[Round "9.6.3"]
[White "Can, Emre"]
[Black "Ertan, Can"]
[Result "1/2-1/2"]
[WhiteTitle "GM"]
[BlackTitle "FM"]
[WhiteElo "2605"]
[BlackElo "2379"]
[WhiteTeam "TURK HAVA YOLLARI (THY) SPOR KULUBU"]
[BlackTeam "KARAMAN BELEDIYE SPOR KULUBU"]
[WhiteFideId "6302181"]
[BlackFideId "6306330"]
[EventDate "2018.07.25"]

1. d4 Nf6 2. c4 e6 3. Nf3 b6 4. g3 Ba6 5. b3 Bb4+ 6. Bd2 Be7 7. Nc3 d5 8. cxd5
exd5 9. Bg2 Nbd7 10. O-O O-O 11. Ne5 Bb7 12. Bc1 c5 13. e3 Nxe5 14. dxe5 Ne4 15.
Nxe4 dxe4 16. Qc2 Qd5 17. Bb2 Rad8 18. Bc3 Qd3 19. Qb2 Rfe8 20. Rfc1 Bf8 21. a4
a5 22. Rc2 Qd7 23. Rd2 Qg4 24. Bf1 Bc6 25. Be2 Rxd2 26. Qxd2 Qd7 27. Qxd7 Bxd7
28. Rd1 Be6 29. Bc4 Bg4 30. Rd2 Be7 31. Bd5 Bf5 32. g4 Bxg4 33. Bxe4 Be6 34. Bd5
Rd8 35. e4 Bg5 36. Rd3 Kf8 37. Kf1 Bf4 38. h4 h6 39. Rf3 g5 40. hxg5 hxg5 41.
Bxe6 fxe6 42. Ke2 Kf7 43. Rh3 Kg6 44. Rh1 Kg7 45. Rh5 Bc1 46. Rh3 Kg6 47. Rg3
Kh5 48. Rf3 Bf4 49. Rh3+ Kg6 50. Rh1 Kg7 51. Rh3 1/2-1/2

[Event "TCh-TUR Super League 2018"]
[Site "Ankara TUR"]
[Date "2018.08.02"]
[Round "9.6.4"]
[White "Ererdem, Gani Eren"]
[Black "Dastan, Muhammed Batuhan"]
[Result "0-1"]
[WhiteTitle "CM"]
[BlackTitle "GM"]
[WhiteElo "2157"]
[BlackElo "2552"]
[WhiteTeam "KARAMAN BELEDIYE SPOR KULUBU"]
[BlackTeam "TURK HAVA YOLLARI (THY) SPOR KULUBU"]
[WhiteFideId "6310915"]
[BlackFideId "6300014"]
[EventDate "2018.07.25"]

1. d4 f5 2. c4 Nf6 3. Nf3 g6 4. g3 Bg7 5. Bg2 O-O 6. O-O d6 7. Nc3 c6 8. Rb1 Qe8
9. b3 e5 10. dxe5 dxe5 11. Ba3 Rf7 12. e4 f4 13. gxf4 Nh5 14. Ne2 Nxf4 15. Nxf4
Rxf4 16. h3 Nd7 17. Qd2 Nf8 18. Rbd1 Bxh3 19. Bxh3 Rxf3 20. Bxf8 Bxf8 21. Kg2
Rf7 22. b4 a5 23. a3 axb4 24. axb4 Qe7 25. c5 Rf4 26. Qe3 Qh4 27. Rd7 Rg4+ 28.
Kh2 Bh6 29. Qf3 Rf4 30. Qg3 Qf6 31. Kg2 Rf8 32. Rxb7 Rf3 33. Qg4 Rxf2+ 34. Rxf2
Qxf2+ 35. Kh1 Qe1+ 36. Qg1 Qxe4+ 37. Bg2 Qe2 38. Qh2 Qe1+ 39. Qg1 Qh4+ 40. Qh2
Qe1+ 41. Qg1 Qd2 42. Qb1 Kh8 43. Qa1 Qe2 0-1

[Event "TCh-TUR Super League 2018"]
[Site "Ankara TUR"]
[Date "2018.08.02"]
[Round "9.6.5"]
[White "Yildiz Kadioglu, Betul Cemre"]
[Black "Mammadzada, Gunay"]
[Result "0-1"]
[WhiteTitle "WGM"]
[BlackTitle "IM"]
[WhiteElo "2323"]
[BlackElo "2426"]
[WhiteTeam "TURK HAVA YOLLARI (THY) SPOR KULUBU"]
[BlackTeam "KARAMAN BELEDIYE SPOR KULUBU"]
[WhiteFideId "6302920"]
[BlackFideId "13403729"]
[EventDate "2018.07.25"]

1. e4 c5 2. Nf3 e6 3. c4 Nc6 4. Nc3 Nd4 5. Nxd4 cxd4 6. Ne2 Nf6 7. d3 Bb4+ 8.
Bd2 Bxd2+ 9. Qxd2 e5 10. g3 d6 11. Bg2 O-O 12. O-O a5 13. h3 Nd7 14. f4 Nc5 15.
f5 f6 16. g4 b5 17. b3 Qb6 18. Rab1 Rb8 19. Qc2 Ba6 20. Ng3 bxc4 21. bxc4 Qc6
22. Rxb8 Rxb8 23. g5 Qa4 24. Qe2 Nxd3 25. Qxd3 Bxc4 26. Qd1 Qa3 27. Qc1 Qxa2 28.
gxf6 gxf6 29. Qh6 Rb2 30. Bf3 Bxf1 31. Nxf1 Qf7 32. Qc1 Rb3 33. Be2 Rc3 34. Qb2
a4 35. Qb8+ Kg7 36. Kf2 a3 37. Ng3 a2 38. Nh5+ Kh6 39. Qa8 Rc1 40. Qa5 Rc2 41.
Ng3 d3 0-1

[Event "TCh-TUR Super League 2018"]
[Site "Ankara TUR"]
[Date "2018.08.02"]
[Round "9.6.8"]
[White "Onur, Cigdem"]
[Black "Shuvalova, Polina"]
[Result "0-1"]
[BlackTitle "WIM"]
[WhiteElo "1750"]
[BlackElo "2417"]
[WhiteTeam "KARAMAN BELEDIYE SPOR KULUBU"]
[BlackTeam "TURK HAVA YOLLARI (THY) SPOR KULUBU"]
[WhiteFideId "6346030"]
[BlackFideId "24171760"]
[EventDate "2018.07.25"]

1. d4 Nf6 2. Bf4 c5 3. e3 Qb6 4. Nc3 d6 5. Rb1 g6 6. h3 Bg7 7. Nf3 O-O 8. Bc4 a6
9. O-O Qc7 10. dxc5 Qxc5 11. Bb3 Nbd7 12. Ng5 b5 13. Nce4 Nxe4 14. Nxe4 Qb6 15.
Nc3 Bxc3 16. bxc3 Bb7 17. c4 bxc4 18. Bxc4 Qc6 19. Rxb7 Qxb7 20. Bd5 Qb2 21. Bh6
Rfc8 22. Bxa8 Rxa8 23. Qd4 Qxd4 24. exd4 f6 25. Rb1 Rb8 26. Rxb8+ Nxb8 27. Be3
Nc6 28. c3 d5 29. c4 dxc4 30. Kf1 Kf7 31. Ke2 Nb4 32. a3 Nd5 33. Bc1 Ke6 34. g3
a5 35. f4 Nc3+ 36. Ke3 a4 37. g4 Na2 38. Bb2 c3 39. Ba1 c2 40. Bb2 c1=Q+ 41.
Bxc1 Nxc1 42. Ke4 f5+ 0-1

[Event "TCh-TUR Super League 2018"]
[Site "Ankara TUR"]
[Date "2018.08.03"]
[Round "10.1.1"]
[White "Rakhmanov, Aleksandr"]
[Black "Cheparinov, Ivan"]
[Result "1/2-1/2"]
[WhiteTitle "GM"]
[BlackTitle "GM"]
[WhiteElo "2627"]
[BlackElo "2712"]
[WhiteTeam "ROTA KOLEJI SPOR KULUBU DERNEGI"]
[BlackTeam "TURK HAVA YOLLARI (THY) SPOR KULUBU"]
[WhiteFideId "4173708"]
[BlackFideId "2905540"]
[EventDate "2018.07.25"]

1. d4 Nf6 2. c4 g6 3. g3 Bg7 4. Bg2 O-O 5. Nc3 d6 6. e3 e5 7. Nge2 c6 8. h3 Re8
9. d5 cxd5 10. cxd5 h5 11. e4 Bd7 12. Bg5 b5 13. Qd2 a5 14. f3 Na6 15. g4 Qb8
16. Ng3 Nh7 17. gxh5 Nxg5 18. Qxg5 Qd8 19. Qxd8 Rexd8 20. h4 Nc5 21. Bf1 Rab8
22. Nd1 Bh6 23. Bh3 Nd3+ 24. Kf1 Bxh3+ 25. Rxh3 Nf4 26. Rh2 Nxh5 27. Nxh5 gxh5
28. Ke2 Rbc8 29. Ne3 Kf8 30. Rg1 a4 31. Rhg2 Bxe3 32. Rg8+ Ke7 33. Rxd8 Rc2+ 34.
Kxe3 Kxd8 35. Rb1 b4 36. Kd3 b3 37. axb3 axb3 38. Ra1 Rxb2 39. Ra8+ Kc7 40. Ra7+
Kc8 41. Kc3 Rf2 42. Kxb3 Rxf3+ 43. Kc4 Kb8 44. Re7 Rf4 45. Kb5 Rxe4 46. Kc6 Rxh4
47. Kxd6 Ra4 48. Kxe5 Kc8 49. Rxf7 Ra6 50. Rh7 Kd8 51. Rxh5 Rb6 52. Rh8+ 1/2-1/2

[Event "TCh-TUR Super League 2018"]
[Site "Ankara TUR"]
[Date "2018.08.03"]
[Round "10.1.2"]
[White "Salgado Lopez, Ivan"]
[Black "Tukhaev, Adam"]
[Result "1-0"]
[WhiteTitle "GM"]
[BlackTitle "GM"]
[WhiteElo "2643"]
[BlackElo "2542"]
[WhiteTeam "TURK HAVA YOLLARI (THY) SPOR KULUBU"]
[BlackTeam "ROTA KOLEJI SPOR KULUBU DERNEGI"]
[WhiteFideId "2257327"]
[BlackFideId "14109476"]
[EventDate "2018.07.25"]

1. e4 d6 2. d4 Nf6 3. Bd3 g6 4. Nf3 Bg7 5. O-O O-O 6. c3 Nc6 7. Re1 e5 8. h3 h6
9. Be3 b6 10. Nbd2 Bb7 11. a3 Nd7 12. Qc2 Ne7 13. dxe5 dxe5 14. Rad1 Nc8 15. b4
Qe7 16. Nc4 Rd8 17. Bf1 Nf6 18. Rxd8+ Qxd8 19. Rd1 Qf8 20. Nfd2 Nh5 21. a4 Nd6
22. Nxd6 Qxd6 23. Nc4 Qf8 24. a5 Rd8 25. Rxd8 Qxd8 26. Qd2 Qe7 27. Bxh6 Bxe4 28.
Bxg7 Kxg7 29. Qe3 Nf6 30. axb6 cxb6 31. b5 Qe6 32. f3 Bd5 33. Nxe5 Nd7 34. Ng4
Qxe3+ 35. Nxe3 Be6 36. Nc2 Nc5 37. Nd4 Bd7 38. Kf2 Na4 39. c4 Nc5 40. Ke3 g5 41.
Be2 f6 42. Bd3 Kf7 43. Bf5 Be8 44. f4 Ke7 45. Bg4 a5 46. bxa6 Nxa6 47. Nf5+ Kf8
48. fxg5 fxg5 49. Nd6 Bc6 50. Bf3 Bd7 51. Ne4 Nc7 52. Nxg5 b5 53. c5 Ne6 54.
Nxe6+ Bxe6 55. Kd4 b4 56. Bg4 1-0

[Event "TCh-TUR Super League 2018"]
[Site "Ankara TUR"]
[Date "2018.08.03"]
[Round "10.1.3"]
[White "Yilmazyerli, Mert"]
[Black "Can, Emre"]
[Result "1/2-1/2"]
[WhiteTitle "IM"]
[BlackTitle "GM"]
[WhiteElo "2491"]
[BlackElo "2605"]
[WhiteTeam "ROTA KOLEJI SPOR KULUBU DERNEGI"]
[BlackTeam "TURK HAVA YOLLARI (THY) SPOR KULUBU"]
[WhiteFideId "6305962"]
[BlackFideId "6302181"]
[EventDate "2018.07.25"]

1. Nf3 d5 2. g3 g6 3. Bg2 Bg7 4. c4 dxc4 5. Qa4+ Nc6 6. O-O e5 7. Nxe5 Bxe5 8.
Bxc6+ bxc6 9. Qxc6+ Bd7 10. Qe4 f6 11. f4 Bh3 12. Rf2 Bf5 13. Qc6+ Bd7 14. Qe4
Bf5 15. Qc6+ Bd7 16. Qe4 Bf5 17. Qc6+ Bd7 1/2-1/2

[Event "TCh-TUR Super League 2018"]
[Site "Ankara TUR"]
[Date "2018.08.03"]
[Round "10.1.4"]
[White "Heberla, Bartlomiej"]
[Black "Keler, Faruk"]
[Result "1-0"]
[WhiteTitle "GM"]
[BlackTitle "FM"]
[WhiteElo "2563"]
[BlackElo "2286"]
[WhiteTeam "TURK HAVA YOLLARI (THY) SPOR KULUBU"]
[BlackTeam "ROTA KOLEJI SPOR KULUBU DERNEGI"]
[WhiteFideId "1115120"]
[BlackFideId "6302734"]
[EventDate "2018.07.25"]

1. Nf3 d5 2. g3 Nf6 3. Bg2 c6 4. O-O Bg4 5. c4 e6 6. cxd5 Bxf3 7. Bxf3 cxd5 8.
Nc3 Nc6 9. d3 Be7 10. e4 O-O 11. exd5 Nxd5 12. Nxd5 exd5 13. Be3 Bg5 14. Qb3
Bxe3 15. fxe3 Qg5 16. Bxd5 Qxe3+ 17. Kh1 Qe7 18. Rf4 Rad8 19. Raf1 Ne5 20. d4
Qd7 21. Bg2 Ng6 22. Rf5 b6 23. h4 Nh8 24. R5f4 Ng6 25. R4f3 Nh8 26. d5 Ng6 27.
Re3 f6 28. Re6 Rfe8 29. Rfe1 Rxe6 30. Rxe6 Re8 31. h5 Nf8 32. Rxe8 Qxe8 33. d6+
Kh8 34. Qd5 Qd8 35. Bh3 f5 36. Bxf5 Qg5 37. d7 1-0

[Event "TCh-TUR Super League 2018"]
[Site "Ankara TUR"]
[Date "2018.08.03"]
[Round "10.1.5"]
[White "Nechaeva, Marina"]
[Black "Yildiz Kadioglu, Betul Cemre"]
[Result "1-0"]
[WhiteTitle "IM"]
[BlackTitle "WGM"]
[WhiteElo "2410"]
[BlackElo "2323"]
[WhiteTeam "ROTA KOLEJI SPOR KULUBU DERNEGI"]
[BlackTeam "TURK HAVA YOLLARI (THY) SPOR KULUBU"]
[WhiteFideId "4149351"]
[BlackFideId "6302920"]
[EventDate "2018.07.25"]

1. d4 d5 2. c4 e6 3. Nc3 Nf6 4. cxd5 exd5 5. Bg5 Be7 6. e3 c6 7. Bd3 Nbd7 8. Nf3
Nf8 9. Qc2 Ne6 10. Bh4 g6 11. O-O O-O 12. Na4 Ng7 13. Nc5 Nfe8 14. Bg3 Bd6 15.
b4 Bxg3 16. hxg3 Nd6 17. Qb2 Bf5 18. Be2 a6 19. a4 Qe7 20. Rfc1 Ne4 21. Ne5 f6
22. Nf3 Rac8 23. Nxe4 Bxe4 24. b5 cxb5 25. axb5 Rxc1+ 26. Rxc1 a5 27. Nd2 Ra8
28. Nxe4 dxe4 29. b6 Ne8 30. Bb5 Nd6 31. Rc7 Qe6 32. Ba4 Kh8 33. d5 Qe5 34. Qxe5
fxe5 35. Rd7 Nc4 36. Rxb7 Rd8 37. Bb5 Nd6 38. Rd7 Rxd7 39. Bxd7 Kg7 40. Bc6 Kf6
41. b7 Nxb7 42. Bxb7 a4 43. Ba6 1-0

[Event "TCh-TUR Super League 2018"]
[Site "Ankara TUR"]
[Date "2018.08.03"]
[Round "10.2.5"]
[White "Buksa, Nataliya"]
[Black "Injac, Teodora"]
[Result "1-0"]
[WhiteTitle "WGM"]
[BlackTitle "WIM"]
[WhiteElo "2337"]
[BlackElo "2302"]
[WhiteTeam "DARUSSAFAKA SPOR KULUBU"]
[BlackTeam "GOKCEADA SPOR KULUBU"]
[WhiteFideId "14123622"]
[BlackFideId "932400"]
[EventDate "2018.07.25"]

1. e4 c5 2. Nf3 d6 3. d4 cxd4 4. Nxd4 Nf6 5. Nc3 a6 6. Be2 e5 7. Nb3 Be7 8. Bg5
Be6 9. Bxf6 Bxf6 10. Qd3 O-O 11. O-O-O Be7 12. g3 b5 13. Kb1 Nd7 14. f4 b4 15.
Nd5 Bxd5 16. Qxd5 Nf6 17. Qd3 Qc7 18. f5 Rfd8 19. Bf3 a5 20. g4 a4 21. Nd2 d5
22. exd5 Ra5 23. Nc4 Nxd5 24. Qe4 Rc5 25. Ne3 Nxe3 26. Rxd8+ Bxd8 27. Qxe3 a3
28. Rd1 Be7 29. Be4 h6 30. Qf2 Bf6 31. h4 Rc4 32. Qe2 Bxh4 33. Bd5 Rc5 34. Bb3
Bf6 35. Qe4 axb2 36. Qxb4 Qe7 37. Qa4 Rc7 38. Qa8+ Kh7 39. Qe4 Rd7 40. Rxd7 Qxd7
41. Kxb2 Kg8 42. a4 Bd8 43. Qd5 Qxd5 44. Bxd5 Kf8 45. Kb3 Ke7 46. Kc4 Kd6 47.
Bxf7 Bb6 48. Bd5 Bf2 49. Be4 Bg1 50. Kb5 Bf2 51. c3 Bg1 52. a5 Bf2 53. Kc4 Bg1
54. Bb7 Bf2 55. Kd3 Bg1 56. Ke4 Ba7 57. a6 Bb6 58. c4 Ba7 59. Bd5 Bc5 60. f6
gxf6 61. Kf5 Ke7 62. Kg6 Be3 63. Bf3 Bc5 64. Kxh6 Be3+ 65. Kg6 Ba7 66. Kf5 Bb6
67. Bg2 Ba7 68. Bb7 Bd4 69. Bc8 Ba7 70. Be6 Bd4 71. Bd5 Ba7 72. Bg2 Bb6 73. Bc6
Ba7 74. Bb5 Bd4 75. Ba4 Kf7 76. Bd7 Ke7 77. Be6 Kd6 78. c5+ Bxc5 79. Kxf6 Be3
80. g5 e4 81. g6 Bd4+ 82. Kf7 e3 83. Bc4 Kc5 84. Be2 1-0

[Event "TCh-TUR Super League 2018"]
[Site "Ankara TUR"]
[Date "2018.08.03"]
[Round "10.3.1"]
[White "Mamedov, Rauf"]
[Black "Eren, Ataberk"]
[Result "1-0"]
[WhiteTitle "GM"]
[WhiteElo "2708"]
[BlackElo "2195"]
[WhiteTeam "BESIKTAS JIMNASTIK KULUBU"]
[BlackTeam "BURSA BUYUKSEHIR BELEDIYESPOR KULUBU"]
[WhiteFideId "13401653"]
[BlackFideId "6349765"]
[EventDate "2018.07.25"]

1. e4 e6 2. d4 d5 3. Nd2 Nf6 4. e5 Nfd7 5. f4 c5 6. Ngf3 Nc6 7. Nb3 cxd4 8. Bd3
Nc5 9. Nxc5 Bxc5 10. a3 Bd7 11. O-O h6 12. Qe1 Qc7 13. b4 Bb6 14. Kh1 a6 15. Rf2
O-O-O 16. a4 a5 17. b5 Nb4 18. Bb2 Kb8 19. Nxd4 f5 20. Bf1 Rc8 21. Qd1 g5 22. c3
gxf4 23. cxb4 axb4 24. a5 Bxa5 25. Nb3 Bb6 26. Bd4 Bxd4 27. Qxd4 Qc3 28. Qa7+
Kc7 29. Rc1 1-0

[Event "TCh-TUR Super League 2018"]
[Site "Ankara TUR"]
[Date "2018.08.03"]
[Round "10.3.2"]
[White "Erdogan, Anil Berk"]
[Black "Safarli, Eltaj"]
[Result "0-1"]
[WhiteTitle "CM"]
[BlackTitle "GM"]
[WhiteElo "2110"]
[BlackElo "2667"]
[WhiteTeam "BURSA BUYUKSEHIR BELEDIYESPOR KULUBU"]
[BlackTeam "BESIKTAS JIMNASTIK KULUBU"]
[WhiteFideId "6348173"]
[BlackFideId "13402129"]
[EventDate "2018.07.25"]

1. e4 e5 2. Nf3 Nc6 3. Bb5 a6 4. Ba4 Nf6 5. Bxc6 dxc6 6. d3 Nd7 7. Nbd2 g6 8.
Nc4 Bg7 9. Bg5 f6 10. Bd2 Nc5 11. h4 h5 12. Qe2 Bg4 13. O-O-O Ne6 14. Qf1 Qd7
15. Ne3 O-O-O 16. Nxg4 hxg4 17. Nh2 f5 18. g3 Rhf8 19. Qg2 c5 20. f3 gxf3 21.
Nxf3 fxe4 22. dxe4 Qa4 23. a3 Rxf3 24. Qxf3 Nd4 25. Qg4+ Kb8 26. Kb1 Qxc2+ 27.
Ka2 Qb3+ 28. Kb1 Nf3 29. Qxg6 Nxd2+ 30. Ka1 c4 31. Qg5 Qxd1+ 32. Rxd1 Nb3+ 33.
Kb1 Rxd1+ 34. Kc2 Rc1+ 35. Qxc1 Nxc1 36. Kxc1 Bf6 37. Kd2 b5 0-1

[Event "TCh-TUR Super League 2018"]
[Site "Ankara TUR"]
[Date "2018.08.03"]
[Round "10.3.6"]
[White "Ali Marandi, Cemil Can"]
[Black "Gledura, Benjamin"]
[Result "1/2-1/2"]
[WhiteTitle "GM"]
[BlackTitle "GM"]
[WhiteElo "2540"]
[BlackElo "2626"]
[WhiteTeam "BURSA BUYUKSEHIR BELEDIYESPOR KULUBU"]
[BlackTeam "BESIKTAS JIMNASTIK KULUBU"]
[WhiteFideId "6300529"]
[BlackFideId "712779"]
[EventDate "2018.07.25"]

1. e4 e5 2. Nf3 Nc6 3. Nc3 Nf6 4. d4 exd4 5. Nxd4 Bb4 6. Nxc6 bxc6 7. Bd3 O-O 8.
O-O d5 9. exd5 cxd5 10. Bg5 c6 11. Qf3 h6 12. Bxf6 Qxf6 13. Qxf6 gxf6 14. Ne2
Bd6 15. Nd4 c5 16. Nf5 Bxf5 17. Bxf5 Be5 18. Rad1 Bxb2 19. Rxd5 Bd4 20. c3 Bxc3
21. Rxc5 Bd4 22. Rc4 Rfd8 23. Rfc1 Rab8 24. Rc8 Rdxc8 25. Rxc8+ Rxc8 26. Bxc8
Kf8 27. Kf1 Ke7 28. Ba6 Bb6 29. Bc4 Bc5 30. Ke2 Bb6 31. g3 Bc5 1/2-1/2

[Event "TCh-TUR Super League 2018"]
[Site "Ankara TUR"]
[Date "2018.08.03"]
[Round "10.4.1"]
[White "Nihal, Sarin"]
[Black "Jakovenko, Dmitry"]
[Result "0-1"]
[WhiteTitle "IM"]
[BlackTitle "GM"]
[WhiteElo "2551"]
[BlackElo "2749"]
[WhiteTeam "GENC AKADEMISYENLER EGITIM KULTUR VE ARASTIRMA KULUBU"]
[BlackTeam "HATAY BUYUKSEHIR BELEDIYESI GENCLIK SPOR KULUBU"]
[WhiteFideId "25092340"]
[BlackFideId "4122356"]
[EventDate "2018.07.25"]

1. d4 Nf6 2. c4 e6 3. Nc3 Bb4 4. Qc2 O-O 5. Nf3 d6 6. Bd2 c5 7. dxc5 Bxc5 8. e3
Nc6 9. a3 a6 10. Bd3 Ba7 11. O-O h6 12. h3 Qe7 13. Rad1 Bd7 14. Rfe1 Rac8 15. b4
e5 16. e4 Nd4 17. Nxd4 Bxd4 18. Nd5 Nxd5 19. exd5 f5 20. Be3 Bxe3 21. fxe3 b5
22. Rc1 bxc4 23. Bxc4 f4 24. exf4 Rxf4 25. Qb3 Bf5 26. Bf1 Rf8 27. Qe3 Qg5 28.
Rc3 Be4 29. Qg3 Qe7 30. Qe3 Bxd5 31. Bxa6 Re4 32. Qxe4 Bxe4 33. Bc4+ d5 34. Rxe4
dxc4 35. Rcxc4 Qa7+ 36. Kh2 Rf1 37. Rc5 Qxa3 38. Rcxe5 Qc1 39. b5 Qc7 0-1

[Event "TCh-TUR Super League 2018"]
[Site "Ankara TUR"]
[Date "2018.08.03"]
[Round "10.4.4"]
[White "Esen, Baris"]
[Black "Gok, Ozan Berkay"]
[Result "1-0"]
[WhiteTitle "GM"]
[WhiteElo "2487"]
[BlackElo "1756"]
[WhiteTeam "HATAY BUYUKSEHIR BELEDIYESI GENCLIK SPOR KULUBU"]
[BlackTeam "GENC AKADEMISYENLER EGITIM KULTUR VE ARASTIRMA KULUBU"]
[WhiteFideId "6302114"]
[BlackFideId "6352006"]
[EventDate "2018.07.25"]

1. d4 d5 2. c4 c6 3. Nf3 Nf6 4. Nc3 e6 5. e3 Nbd7 6. Bd3 Be7 7. O-O O-O 8. e4
dxe4 9. Nxe4 Nxe4 10. Bxe4 Nf6 11. Bc2 c5 12. Qe2 Qc7 13. dxc5 Qxc5 14. Be3 Qh5
15. Bd4 Bd7 16. Qe5 Bc6 17. Qxh5 Nxh5 18. Ne5 Rfd8 19. Be3 Nf6 20. Rfd1 a6 21.
Bb6 Rxd1+ 22. Rxd1 Rc8 23. a3 g6 24. b4 Kf8 25. f3 Ne8 26. Nxc6 Rxc6 27. c5 Nf6
28. Be4 Nxe4 29. fxe4 Ke8 30. e5 Rc8 31. Kf2 h5 32. Ke3 Bg5+ 33. Ke4 Be7 34. Rd4
Bf8 35. a4 Be7 36. b5 Bf8 37. c6 bxc6 38. bxa6 Ra8 39. a7 Be7 40. a5 c5 41. Rd1
h4 42. h3 g5 43. Rd2 c4 44. Kd4 1-0

[Event "TCh-TUR Super League 2018"]
[Site "Ankara TUR"]
[Date "2018.08.03"]
[Round "10.4.6"]
[White "Alekseenko, Kirill"]
[Black "Yilmaz, Goktan"]
[Result "1-0"]
[WhiteTitle "GM"]
[BlackTitle "CM"]
[WhiteElo "2627"]
[BlackElo "2233"]
[WhiteTeam "HATAY BUYUKSEHIR BELEDIYESI GENCLIK SPOR KULUBU"]
[BlackTeam "GENC AKADEMISYENLER EGITIM KULTUR VE ARASTIRMA KULUBU"]
[WhiteFideId "4135539"]
[BlackFideId "6354904"]
[EventDate "2018.07.25"]

1. e4 e5 2. Nf3 Nc6 3. Bb5 a6 4. Ba4 Nf6 5. O-O Be7 6. Bxc6 dxc6 7. d3 Bd6 8.
Nbd2 O-O 9. b3 c5 10. Bb2 Re8 11. Nc4 Nd7 12. a4 b6 13. g3 Bb7 14. Nh4 g6 15.
Ng2 Bf8 16. f4 Bg7 17. f5 Nb8 18. Nge3 Nc6 19. f6 Bxf6 20. Qf3 Bg7 21. Nxb6 cxb6
22. Qxf7+ Kh8 23. Qxb7 Nd4 24. Rae1 Re7 25. Qd5 Rd7 26. Qc4 Qg5 27. Bxd4 exd4
28. Nd5 Rd6 29. Rf3 Rf8 30. Rxf8+ Bxf8 31. Rf1 Bh6 32. Qxa6 Qd8 33. Rf3 Be3+ 34.
Kg2 g5 35. a5 g4 36. Rf5 bxa5 37. Qa7 a4 38. Rf7 Qg8 39. Qe7 Bh6 40. Nf6 Rxf6
41. Qxf6+ Bg7 42. Rxg7 Qxg7 43. Qxg7+ Kxg7 44. bxa4 1-0

[Event "TCh-TUR Super League 2018"]
[Site "Ankara TUR"]
[Date "2018.08.03"]
[Round "10.5.2"]
[White "Kovalev, Vladislav"]
[Black "Mchedlishvili, Mikheil"]
[Result "1/2-1/2"]
[WhiteTitle "GM"]
[BlackTitle "GM"]
[WhiteElo "2655"]
[BlackElo "2608"]
[WhiteTeam "DENIZ SU AQUAMATCH SATRANC GENCLIK VE SPOR KULUBU DERNEGI"]
[BlackTeam "TARSUS ZEKA SATRANC KULUBU"]
[WhiteFideId "13504398"]
[BlackFideId "13600966"]
[EventDate "2018.07.25"]

1. e4 c5 2. Nf3 e6 3. d4 cxd4 4. Nxd4 Nc6 5. Nc3 Qc7 6. Be2 Nf6 7. Be3 Be7 8.
O-O O-O 9. f4 d6 10. Qd2 Nxd4 11. Bxd4 e5 12. Be3 b6 13. Rad1 Bb7 14. Bf3 Rfd8
15. Qf2 Rac8 16. a3 Qb8 17. h3 Rc4 18. fxe5 dxe5 19. Be2 Rcc8 20. Rxd8+ Rxd8 21.
g4 Rf8 22. Bd3 Qc8 23. Qe1 Bc5 24. Kh2 Bxe3 25. Qxe3 Qc7 26. Nb5 Qb8 27. Nc3 Qc7
28. Nb5 Qb8 29. Nc3 Qc7 30. Nb5 Qb8 1/2-1/2

[Event "TCh-TUR Super League 2018"]
[Site "Ankara TUR"]
[Date "2018.08.03"]
[Round "11.1.5"]
[White "Atalik, Ekaterina"]
[Black "Unuk, Laura"]
[Result "1/2-1/2"]
[WhiteTitle "IM"]
[BlackTitle "WIM"]
[WhiteElo "2461"]
[BlackElo "2355"]
[WhiteTeam "DENIZ SU AQUAMATCH SATRANC GENCLIK VE SPOR KULUBU DERNEGI"]
[BlackTeam "TAS DUVAR SPOR KULUBU DERNEGI"]
[WhiteFideId "4130189"]
[BlackFideId "14609215"]
[EventDate "2018.07.25"]

1. d4 Nf6 2. c4 e6 3. Nc3 Bb4 4. e3 d5 5. Bd3 O-O 6. Ne2 dxc4 7. Bxc4 b6 8. O-O
Bb7 9. a3 Be7 10. Ng3 c5 11. dxc5 Qxd1 12. Rxd1 Bxc5 13. b4 Be7 14. Bb2 Nc6 15.
Be2 Rfd8 16. f4 Rxd1+ 17. Rxd1 Rd8 18. Rxd8+ Nxd8 19. Kf2 h6 20. Bf3 g5 21. f5
Bxf3 22. gxf3 Nc6 23. Ke2 h5 24. fxe6 fxe6 25. Nce4 Nxe4 26. Nxe4 Kf7 27. Kd3 b5
28. Bc3 Kg6 29. h3 a6 30. Nd2 Kf5 31. Ne4 g4 32. hxg4+ hxg4 33. f4 e5 34. Ng3+
Ke6 35. Ke4 exf4 36. exf4 Bd6 37. Ne2 Ne7 38. Nd4+ Kf7 39. Be1 Bc7 40. Nf5 Ng6
41. Bg3 Kf8 42. Ne3 a5 43. bxa5 Bxa5 44. f5 Ne7 45. Bd6 Kf7 46. Nxg4 Bc3 47.
Ne5+ Kf6 48. Nd7+ Kf7 49. Bb4 Bb2 50. Ne5+ Bxe5 51. Bxe7 Bb2 52. Bc5 Kf6 53. Bb4
Ba1 54. Bd6 Bb2 55. Bc5 Ba1 56. Kd5 Kxf5 57. Kc6 Bb2 58. Kxb5 Ke5 1/2-1/2

[Event "TCh-TUR Super League 2018"]
[Site "Ankara TUR"]
[Date "2018.08.03"]
[Round "11.3.1"]
[White "Ali Marandi, Cemil Can"]
[Black "Nihal, Sarin"]
[Result "1/2-1/2"]
[WhiteTitle "GM"]
[BlackTitle "IM"]
[WhiteElo "2540"]
[BlackElo "2551"]
[WhiteTeam "BURSA BUYUKSEHIR BELEDIYESPOR KULUBU"]
[BlackTeam "GENC AKADEMISYENLER EGITIM KULTUR VE ARASTIRMA KULUBU"]
[WhiteFideId "6300529"]
[BlackFideId "25092340"]
[EventDate "2018.07.25"]

1. d4 d5 2. Bf4 Nf6 3. e3 c5 4. c3 Nc6 5. Nd2 Bg4 6. Ngf3 e6 7. Qb3 Qc8 8. h3
Bh5 9. g4 Bg6 10. Nh4 cxd4 11. exd4 Qd7 12. Nxg6 hxg6 13. Bg2 O-O-O 14. O-O-O
Bd6 15. Be3 Na5 16. Qc2 Kb8 17. Kb1 Rc8 18. Bf3 Qc7 19. h4 Bf4 20. Qd3 Nc6 21.
Bxf4 Qxf4 22. Qe3 Qd6 23. Be2 e5 24. dxe5 Qxe5 25. Qxe5+ Nxe5 26. g5 Nh5 27.
Bxh5 Rxh5 28. Nb3 Rd8 29. Rd4 f6 30. Rhd1 Nf3 31. Rf4 Nxh4 1/2-1/2